PHARMACEUTICAL MARKETING (Record no. 6112)

MARC details
000 -LEADER
fixed length control field 00422nam a22001817a 4500
005 - DATE AND TIME OF LATEST TRANSACTION
control field 20200316121813.0
008 - FIXED-LENGTH DATA ELEMENTS--GENERAL INFORMATION
fixed length control field 200316b xxu||||| |||| 00| 0 eng d
020 ## - INTERNATIONAL STANDARD BOOK NUMBER
ISBN 9788188919027
041 ## - LANGUAGE CODE
Language code of text/sound track or separate title eng
082 ## - DEWEY DECIMAL CLASSIFICATION NUMBER
Classification number 338.476 151
100 ## - MAIN ENTRY--AUTHOR NAME
Personal name JOSEPH, AJOY S
245 ## - TITLE STATEMENT
Title PHARMACEUTICAL MARKETING
250 ## - EDITION STATEMENT
Edition statement 1st, 2010
260 ## - PUBLICATION, DISTRIBUTION, ETC. (IMPRINT)
Place of publication DELHI
Name of publisher CBS
Year of publication 2019
300 ## - PHYSICAL DESCRIPTION
Number of Pages 156p,
650 ## - SUBJECT ADDED ENTRY--TOPICAL TERM
Topical Term PHARMACY
942 ## - ADDED ENTRY ELEMENTS (KOHA)
Koha item type Books
Holdings
Lost status Damaged status Collection code Home library Current library Shelving location Date acquired Source of acquisition Cost, normal purchase price Full call number Accession Number Koha item type
    PHARMACY JRU Library JRU Library Shelf - 22- E 16/03/2020 PURCHESS 275.00 338.476 151 23837 Books